000 01805nam a22004937a 4500
001 000106709
003 CHAP
005 20241015134226.0
008 120517s1984 it b rn 00010 spa d
010 _a103171
011 _a104143
035 _a114832
040 _cCHAP
082 0 4 _a636.2142
_bF21
110 2 _aFAO. Banco mundial
_939453
245 1 0 _aMéxico :
_bproyecto de desarrollo lechero informe de la misión de reconocimiento /
_cpor FAO/Banco Mundial.
246 3 _aInforme del programa de cooperación FAO/BANCO mundial. Centro de inversiones
260 _aRoma :
_bFAO,
_c1984.
300 _a[80] p. :
_bilus., cuadros, mapas,.
500 _a117/84 CP-Méx.10 (S)
590 _aBATCH-UPD
_b10
_c20130110
_lUCH01
_h1229
590 _aBATCH-UPD
_b10
_c20130410
_lUCH01
_h0800
590 _aBATCH-UPD
_b10
_c20130914
_lUCH01
_h1518
590 _aCONVERSION
_b10
_c20130109
_lUCH01
_h1357
590 _aE5995AHE
_b05
_c20140819
_lUCH01
_h1218
590 _aE6096MTM
_b05
_c20140819
_lUCH01
_h1050
590 _aE6096MTM
_b05
_c20140819
_lUCH01
_h1052
590 _aE6096MTM
_b05
_c20140819
_lUCH01
_h1053
590 _aE6096MTM
_b05
_c20140819
_lUCH01
_h1053
590 _aE6096MTM
_b05
_c20140819
_lUCH01
_h1054
590 _aE6096MTM
_b05
_c20140819
_lUCH01
_h1055
590 _aE6096MTM
_b05
_c20140819
_lUCH01
_h1058
590 _aE6096MTM
_b05
_c20140819
_lUCH01
_h1058
650 1 4 _aGanado lechero
_xProducción.
_945288
650 1 7 _aIndustria lechera
_zMéxico
_2
_957847
650 1 4 _aLeche
_xMercadeo
_xMéxico.
_965386
650 1 4 _aPolítica agrícola
_zMéxico.
650 1 4 _aPolítica ganadera.
_990617
650 1 4 _aProyectos
_xFinanciamiento.
_992526
901 _aBK
942 _cLIBRO
942 _n0
949 _a636.2142 F21
_bBC
_cFAO
_d33724002329066
_eFAO1
_gFotocopia
_h116641
_i114832
_sb
999 _c103171
_d103171